000 00308 a2200145 4500
001 48635
040 _cAnchieta - Bela Vista
100 _aKondo, André
240 1 0 _aO pequeno samurai
_lpor
245 1 0 _aO pequeno samurai
300 _a61
362 0 _a2014
650 4 _aLiteratura juvenil
942 _cBK
999 _c48635
_d48635